[Event "BLR-chT U18"]
[Site "Gomel"]
[Date "2024.03.04"]
[Round "5.3"]
[White "Abakunchyk, Akim"]
[Black "Bolondz, Yan"]
[Result "1/2-1/2"]
[WhiteElo "1600"]
[BlackElo "1800"]
[PlyCount "134"]
[EventDate "2024.03.01"]
[EventType "tourn"]
[EventRounds "7"]
[EventCountry "BLR"]
[SourceTitle "CB11_2024"]
[SourceDate "2024.03.13"]
[SourceVersion "1"]
[SourceVersionDate "2024.03.13"]
[SourceQuality "1"]

1. e4 c5 2. c3 d5 3. exd5 Qxd5 4. d4 Nc6 5. Nf3 Bg4 6. Be2 Nf6 7. h3 Bh5 8. c4 Qd8 9. d5 Bxf3 10. Bxf3 Nd4 11. 0-0 g6 12. Be3 Nxf3+ 13. Qxf3 Rc8 14. d6 Qxd6 15. Qxb7 Qd7 16. Qxd7+ Nxd7 17. Nd2 Bg7 18. Rab1 0-0 19. b4 Bc3 20. bxc5 Nxc5 21. Nb3 Ne4 22. Rfc1 Bg7 23. c5 Rc6 24. Na5 Ra6 25. c6 Rxa5 26. c7 Nd6 27. Rb8 Nc8 28. Rd1 Be5 29. Rd8 Rxa2 30. Rxf8+ Kxf8 31. Rxc8+ Kg7 32. Rg8+ Kxg8 33. c8Q+ Kg7 34. g3 h6 35. Kg2 Bf6 36. Qc4 Ra1 37. Bd4 Rd1 38. Bxa7 e6 39. Be3 Rd5 40. Qc1 Bg5 41. Bxg5 Rxg5 42. Qc3+ Kg8 43. g4 Rd5 44. Kg3 h5 45. f3 Kh7 46. Qf6 Kg8 47. Qc3 Kh7 48. Kh4 Kg8 49. Qf6 Kf8 50. Kg3 Kg8 51. Kh4 Kf8 52. g5 Rf5 53. Qd8+ Kg7 54. Kg3 Rd5 55. Qe7 Rf5 56. h4 Kg8 57. Qe8+ Kg7 58. Qe7 Kg8 59. Qd7 Rd5 60. Qb7 Kg7 61. Kf2 Rf5 62. Ke3 Kg8 63. Ke4 Kf8 64. Qc8+ Ke7 65. Qc7+ Ke8 66. f4 Rd5 67. Qb7 Rf5 1/2-1/2

[Event "BLR-chT U18"]
[Site "Gomel"]
[Date "2024.03.02"]
[Round "2.3"]
[White "Kozhedub, Ivan"]
[Black "Abakunchyk, Akim"]
[Result "1-0"]
[WhiteElo "2000"]
[BlackElo "1600"]
[PlyCount "77"]
[EventDate "2024.03.01"]
[EventType "tourn"]
[EventRounds "7"]
[EventCountry "BLR"]
[SourceTitle "CB11_2024"]
[SourceDate "2024.03.13"]
[SourceVersion "1"]
[SourceVersionDate "2024.03.13"]
[SourceQuality "1"]

1. e4 c5 2. Nc3 Nc6 3. g3 e5 4. Bg2 d6 5. d3 g6 6. Nge2 Bg7 7. 0-0 Nge7 8. f4 f5 9. h3 0-0 10. exf5 Bxf5 11. g4 Be6 12. Ne4 h6 13. Bd2 Nd5 14. Qc1 Kh7 15. f5 gxf5 16. gxf5 Bxf5 17. Rxf5 Rxf5 18. N4g3 Nde7 19. Be4 Qd7 20. Nxf5 Nxf5 21. Ng3 Nce7 22. Qf1 Rf8 23. Qg2 Kh8 24. Nxf5 Nxf5 25. Rf1 Nd4 26. c3 Rxf1+ 27. Kxf1 d5 28. Bxd5 Qf5+ 29. Kg1 Nc6 30. Be4 Qe6 31. a3 Qb3 32. Be3 Qd1+ 33. Kh2 Bf8 34. Qf3 Bg7 35. Qf5 Qe2+ 36. Bf2 Kg8 37. Bd5+ Kh8 38. Qc8+ Kh7 39. Be4+ 1-0